A modern history of Japan : from tokugawa times to the present /

Bibliographic Details
Main Author: Gordon, Andrew, 1952- (Author)
Format: Book
Language:English
Published: New York : Oxford University Press, 2020.
Edition:Fourth edition.
Subjects:
Classic Catalogue: View this record in Classic Catalogue
LEADER 01736nam a2200373 i 4500
001 45817
003 BD-DhAAL
005 20260520175629.0
008 260520t2020 nyuab b 001 0 eng
010 |a  2018059896 
020 |a 9780190920555 
020 |a 9780190920579 
020 |a 9780190920562 
035 |a 20784602 
040 |a DLC  |b eng  |c DLC  |e rda  |d DLC  |d BD-DhAAL 
042 |a pcc 
043 |a a-ja--- 
050 0 0 |a DS881.9  |b .G66 2020 
082 0 0 |a 952.03  |2 23 
100 1 |a Gordon, Andrew,  |d 1952-  |e author.  |9 60783 
245 1 2 |a A modern history of Japan :  |b from tokugawa times to the present /  |c Andrew Gordon, Harvard University. 
246 3 |a A modern history of Japan 
250 |a Fourth edition. 
260 |a New York :  |b Oxford University Press,  |c 2020. 
300 |a xv, 447 pages :  |b illustrations, maps ;  |c 23 cm 
504 |a Includes bibliographical references (pages 404-414) and index. 
526 8 |a AAL 
541 1 |a Donated by Embassy of Japan in Bangladesh, Read Japan Project 2025, The Tokyo Foundation, supported by The Nippon Foundation.  |e 45817 
651 0 |a Japan  |x History  |y 1868-  |9 60940 
651 0 |a Japan  |x History  |y Tokugawa period, 1600-1868.  |9 60784 
852 1 |a Ayesha Abed Library  |c General Stacks 
942 |2 ddc  |c BK 
999 |c 48004  |d 48004 
952 |0 0  |1 0  |2 ddc  |4 0  |6 952_030000000000000_GOR  |7 0  |9 79251  |a BRACUL  |b BRACUL  |d 2026-05-20  |e Donated by Embassy of Japan in Bangladesh, Read Japan Project 2025, The Tokyo Foundation, supported by The Nippon Foundation.  |l 0  |o 952.03 GOR  |p 3010045817  |r 2026-05-20  |t 1  |w 2026-05-20  |y BK  |x Donated copy received from Embassy of Japan in Bangladesh, Read Japan Project 2025, The Tokyo Foundation, supported by The Nippon Foundation on 08 April 2026; $82.00 Amazon.com